000
00270nam a2200109Ia 4500
008
200302s9999 xx 000 0 und d
100
_a
Anita Roi Olds
245
_a
Child Care Design Guide
260
_b
Tata Mcgraw-Hill Publishing Co.
260
_c
2001
300
_a
483 P.,
999
_c
1493
_d
1493